| 000 | 00984nam a22003137a 4500 | ||
|---|---|---|---|
| 003 | CHAP | ||
| 005 | 20220329134727.0 | ||
| 008 | 971013s1972 r 00010 d | ||
| 010 | _a24893 | ||
| 011 | _a25865 | ||
| 035 | _a29965 | ||
| 040 | _cCHAP | ||
| 082 |
_a595.2 _bB76 1972 |
||
| 100 | 0 | 0 |
_aBrown, Anthony William Aldrige. _915619 |
| 245 | _aResistencia de los artrópodos a los insecticidas | ||
| 250 | _a2 ed. | ||
| 260 |
_aGinebra : _borganización Mundial de la Salud, _c1972 |
||
| 300 | _a544 p. | ||
| 590 |
_aBATCH-UPD _b10 _c20130110 _lUCH01 _h0118 |
||
| 590 |
_aBATCH-UPD _b10 _c20130110 _lUCH01 _h2108 |
||
| 590 |
_aBATCH-UPD _b10 _c20130410 _lUCH01 _h1420 |
||
| 590 |
_aBATCH-UPD _b10 _c20130914 _lUCH01 _h0415 |
||
| 590 |
_aCONVERSION _b10 _c20130109 _lUCH01 _h1314 |
||
| 650 | 1 | 4 |
_aArtrópodos. _97782 |
| 650 | 1 | 4 |
_aInsectos _xResistencia a insecticidas. _958941 |
| 901 | _aBK | ||
| 942 | _cLIBRO | ||
| 949 |
_a595.2 B76 1972 _bBC _cLIBRO _d-69096 _eLIBRO _h46876 _i29965 _si |
||
| 999 |
_c24893 _d24893 |
||